Desarrollar un prototipo de sistema de información web que permita gestionar y dar seguimiento a las maestrías y doctorados de la facultad de Ciencias y Sistemas en la Universidad Nacional de Ingeniería.
La Facultad de Ciencias y Sistemas inicia la Maestría en Informática empresarial MIE, carece de un sistema de información para la administración de ofertas académicas que permitan un adecuado desempeño de estos servicios y sus demandas, los procesos para la gestión de maestrías y doctorados...
| Main Author: | |
|---|---|
| Other Authors: | |
| Format: | Tesis Section = Libro |
| Language: | Undetermined Spanish |
| Published: |
Managua
UNI
2013
|
| Subjects: |
| LEADER | 01467nam a2200241Ia 4500 | ||
|---|---|---|---|
| 008 | 240830s9999 xx 000 0 und d | ||
| 040 | |a BIBLIOTECA-RUPAP M.Mon 004.21 Ch512 | ||
| 041 | |a spa | ||
| 082 | |a M.Mon 004.21 Ch512 | ||
| 100 | 1 | |a Chávez Toruño, Ariel Eduardo | |
| 245 | 1 | 0 | |a Desarrollar un prototipo de sistema de información web que permita gestionar y dar seguimiento a las maestrías y doctorados de la facultad de Ciencias y Sistemas en la Universidad Nacional de Ingeniería. |
| 260 | |a Managua |b UNI |c 2013 | ||
| 300 | |a 152 p. :il. | ||
| 500 | |a Contiene: anexos y glosarios. | ||
| 502 | |a Tesis (Máster en Informática Empresarial)- UNI, 2013. | ||
| 520 | 3 | |a La Facultad de Ciencias y Sistemas inicia la Maestría en Informática empresarial MIE, carece de un sistema de información para la administración de ofertas académicas que permitan un adecuado desempeño de estos servicios y sus demandas, los procesos para la gestión de maestrías y doctorados se llevan de forma manual y para dar solución se propone desarrollar un sistema de información Web y para la gestión y seguimiento de maestrías y doctorados. | |
| 650 | 7 | |a ANALISIS Y DISEÑO DE SISTEMAS DE INFORMACION BASES DE DATOS | |
| 650 | 7 | |b WEB - REGISTROS DE INFORMACION DE ESTUDIOS DE MAESTRIAS Y DOCTORADO | |
| 650 | 7 | |c DESARROLLO DE SOFTWARE - BASES DE DATOS WEB | |
| 700 | 1 | |a Tutor: |b André, Margarita | |
| 942 | |c BK |2 ddc | ||
| 991 | |a TESIS | ||
| 999 | |c 15153 | ||